Statistics for 2011 Formula One Winners

Click here to take the quiz!

General Stats

  • This quiz has been taken 72 times
  • The average score is 19 of 19

Answer Stats

HintAnswer% Correct
Chinese GPLewis Hamilton
100%
Turkish GPSebastian Vettel
100%
Spanish GPSebastian Vettel
100%
Monaco GPSebastian Vettel
100%
European GPSebastian Vettel
100%
Malaysian GPSebastian Vettel
100%
Belgian GPSebastian Vettel
100%
Italian GPSebastian Vettel
100%
Singapore GPSebastian Vettel
100%
Australian GPSebastian Vettel
98%
Korean GPSebastian Vettel
98%
Indian GPSebastian Vettel
98%
British GPFernando Alonso
97%
Abu Dhabi GPLewis Hamilton
97%
German GPLewis Hamilton
97%
Brazilian GPMark Webber
94%
Canadian GPJenson Button
92%
Hungarian GPJenson Button
91%
Japanese GPJenson Button
89%

Score Distribution

Percentile by Number Answered

Percent of People with Each Score

Your Score History

You have not taken this quiz